Predseda Zväzu poľnohospodárskych družstiev SR Cyril Moravčík pre Pravdu: Nehľadajme pre družstvá cudzie vzory

Bibliographic Details
Main Authors: Moravčík, Cyril, 1940- (Author), Sedlák, Jozef, 1954- (Author)
Format: Article
Language:Slovak
PhysicalDescription:Fotogr. 1
Subjects:

MARC

LEADER 00000nab a2200000 a 4500
001 vtls000568626
003 SK-MaSNL
005 20260304010144.0
008 150501c1995 xo 0 slo
015 |a SNBRB19rr/mm-uuuuu 
035 |a CL0568764 
040 |a SNKBUCL  |b slo  |c SNKBUCL  |e AACR2 
041 0 |a slo 
044 |a xo  |c SK 
080 |a 631.115.6(437.6)  |2 1981 
080 |a 334.4(437.6)  |2 1981 
100 1 |a Moravčík, Cyril,  |d 1940-  |4 aut 
245 1 0 |a Predseda Zväzu poľnohospodárskych družstiev SR Cyril Moravčík pre Pravdu: Nehľadajme pre družstvá cudzie vzory  |c Cyril Moravčík, Jozef Sedlák 
300 |b Fotogr. 1 
650 0 7 |a družstvá poľnohospodárske  |2 snkbucl  |9 309557 
655 7 |a články z novín a časopisov  |2 snkbucl  |9 267496 
700 1 |a Sedlák, Jozef,  |d 1954-  |4 aut  |9 248169 
773 0 |t Pravda  |g Roč. 5, č. 298 (27. 12. 1995), s. 1 a 4 
850 |a Slovenská národná knižnica v Martine  |a MTA001 
852 |a SNK  |b KIS3GCP 
958 |a RK 
958 |a SK 
992 |a RBX 
999 |c 2559430  |d 2561360